000 01468nam a2200433 a 4500
001 20679
003 VRT
005 20260129112850.0
008 251113s2001 xo a r 0 slo
015 _aSNBA2002/01-00009
020 _a8055100888
035 _aSNK000372836
039 9 _a202511131516
_bVLOAD
_c202510310904
_dVLOAD
_c202403151903
_dVLOAD
_c201603241039
_dVLOAD
040 _aSNK
_bslo
_cSNK
_eAACR2
041 0 _aslo
044 _axo
_cSK
080 _a641.5(083.12)
_21981
100 1 _aSpieler, Marlena
_4aut
240 1 0 _aBarbecue
_lSlovensky
245 1 _aGrilovanie
_cMarlena Spielerová ; [z anglického originálu preložila Marta Gnipová]
260 _aBratislava
_bIkar
_c2001
300 _a71 s.
_bfareb. fotogr.
_c18 cm
490 1 _aPrémiová knižnica
500 _aFotogr. na tit. strane a front.
500 _aÚdaj o prekl. prevzatý z rubu tit. strany
500 _aVyd. pre Media klub, Bratislava
504 _aReg.
650 0 7 _agrilované jedlá
_2SNK
655 7 _apríručky
_2SNK
700 1 _aGnipová, Marta
_4trl
710 0 _aMedia klub
_4vyd
730 _tBarbecue
830 0 _aPrémiová knižnica
942 _2ddc
_cOLDO
_n0
949 _617A0316972
_9P60, <03>, [BOOK], {603}
_asnkSD 71842
_bsnkKSP 11734/2001
949 _617A0322230
_9P60, <06>, [BOOK], {606}
_asnkSD 71842 D1
_bsnkKSP 12908/2001
949 _6273K0116586
_asvkpoA 180378
_bsvkpo449522
999 _c20679
_d20679